LDR 00893naa#a2200205#i#450# 001 EN\\bibl\118653 005 20260419122152.7 011 ## _a1994-4683 100 ## _a20230428b2023####ek#y0engy0150####ca 102 ## _aRU 200 1# _aINFLUENCE OF REGULAR MINI-FOOTBALL LESSONS ON THE GENERAL PHYSICAL FITNESS OF UNIVERSITY STUDENTS _eJournal article 210 1# _aMoscow _cNational State University of Physical Education, Sports and Health named after P.F. Lesgaft _d2023 215 ## _a5 с. 608 ## _aJournal article _2local 675 ## _aМетодика физического воспитания. Пути и средства физического воспитания. Учебные заведения физической культуры. 796.011.3 _z 700 #1 _aAlenurov _gE A 700 #1 _aSHaragin _gV I 700 #1 _aKalinin _gA D 700 #1 _aFayzullina _gI I 856 4# _auchzapiski.lesgaft.spb.ru _u